000 00361nam a2200145Ia 4500
005 20251222144723.0
008 251222s9999||||xx |||||||||||||| ||spa||
020 _a9701057538
082 _a001.4/H45/2006
100 _aHernández Sampieri, Roberto
245 0 _aMetodología de la investigación
250 _a4a.ed.
264 _bMcGraw-Hill
942 _cLIB
999 _c18304
_d18304